00460nam a22001817a 45000050016000000100014000160200023000300350013000530370013000660820008000791000016000872450037001032600041001402700043001813000022002246500017002466500015002632010080608208.0 aENG-98600 a8187957077c150.00 aEN-82133 bDBAD/PUB a633 aPavadai, P. aCrop production /cby P. Pavadai aPuducherrybVirat Publicationsc2008 a9 Main Road, KumarapalayambPuducherry a108p.c20cm (pbk) aAgriculture  aField crop